| 000 | 00957cam a2200313 4500 | ||
|---|---|---|---|
| 001 | 3605915 | ||
| 003 | OSt | ||
| 005 | 20140310182719.0 | ||
| 008 | 721219s1972 nyu 000 0beng | ||
| 010 | _a 72076180 | ||
| 040 |
_aDLC _cDLC _dDLC |
||
| 050 | 0 | 0 |
_aPS 3515 _b.K65 1972 |
| 082 | 0 | 0 |
_aM 813 _bK68 1972 |
| 100 | 1 | _aKlimo, Vernon. | |
| 245 | 1 | 0 |
_aHemingway and Jake : _ban extraordinary friendship _cKlimo, Vernon (Jake); Oursler, Will |
| 260 |
_aNew York : _bPopular Library, _cc1972c |
||
| 300 |
_a223 p. _c18 cm. |
||
| 350 | _a$7.95 | ||
| 521 | _aCollege Students | ||
| 526 | _c120L-1700L | ||
| 541 | _j1 | ||
| 562 | _e1 | ||
| 600 | 1 | 0 |
_aHemingway, Ernest, _d1899-1961 _xFriends and associates. |
| 650 | 0 |
_aAuthors, American _y20th century _xBiography. |
|
| 650 | 0 |
_aJournalists _zUnited States _xBiography. |
|
| 700 | 1 |
_aOursler, Will, _d1913-1985. |
|
| 906 |
_a7 _bcbc _corignew _d2 _eopcn _f19 _gy-gencatlg |
||
| 942 |
_2lcc _cBK _kM |
||
| 999 |
_c15313 _d15313 |
||